عرقبی تنقید مطالع اور جائزہ : (Record no. 108405)
[ view plain ]
| 000 -LEADER | |
|---|---|
| fixed length control field | 01041nam a22002537a 4500 |
| 005 - DATE AND TIME OF LATEST TRANSACTION | |
| control field | 20170123162339.0 |
| 010 ## - LIBRARY OF CONGRESS CONTROL NUMBER | |
| LC control number | A-562214 |
| 020 ## - INTERNATIONAL STANDARD BOOK NUMBER | |
| Terms of availability | 125.00 |
| 035 ## - SYSTEM CONTROL NUMBER | |
| System control number | A-562214 |
| 037 ## - SOURCE OF ACQUISITION | |
| Source of stock number/acquisition | Cen Lib/Ret |
| 040 ## - CATALOGING SOURCE | |
| Original cataloging agency | DPL |
| Language of cataloging | UR |
| 082 ## - DEWEY DECIMAL CLASSIFICATION NUMBER | |
| Classification number | 899.2708 |
| Item number | م ح م |
| 100 ## - MAIN ENTRY--PERSONAL NAME | |
| Personal name | محمّد اقبال حسین ندوی |
| 9 (RLIN) | 108502 |
| 245 ## - TITLE STATEMENT | |
| Title | عرقبی تنقید مطالع اور جائزہ : |
| Statement of responsibility, etc | محمّد اقبال حسین ندوی |
| Remainder of title | عہد جھلی سے دور انحطاط تک / |
| 246 ## - VARYING FORM OF TITLE | |
| Title proper/short title | Arabi tanqeed mutalai aur jaiza : ahad jahili se dor inhatat tak / |
| Remainder of title | by Mohammad Iqbal Husain Nadvi |
| 260 ## - PUBLICATION, DISTRIBUTION, ETC. (IMPRINT) | |
| Place of publication, distribution, etc | حیدرآباد |
| Name of publisher, distributor, etc | شبہ عربی، |
| Date of publication, distribution, etc | 1992 |
| 270 ## - ADDRESS | |
| Address | سینٹرل انسٹیٹوٹ وف انگلش اینڈ فارسی لینگویجز |
| City | حیدرآباد |
| 300 ## - PHYSICAL DESCRIPTION | |
| Extent | 376p. |
| Dimensions | 21cm(Hb) |
| 650 ## - SUBJECT ADDED ENTRY--TOPICAL TERM | |
| Topical term or geographic name as entry element | ادب - اردو |
| 9 (RLIN) | 126414 |
| 650 ## - SUBJECT ADDED ENTRY--TOPICAL TERM | |
| Topical term or geographic name as entry element | عربی تنقید |
| 9 (RLIN) | 126415 |
| 650 ## - SUBJECT ADDED ENTRY--TOPICAL TERM | |
| Topical term or geographic name as entry element | Literature -- Arabic |
| 9 (RLIN) | 126416 |
| 650 ## - SUBJECT ADDED ENTRY--TOPICAL TERM | |
| Topical term or geographic name as entry element | Arabic criticism |
| 9 (RLIN) | 126417 |
| 942 ## - ADDED ENTRY ELEMENTS (KOHA) | |
| Source of classification or shelving scheme | Dewey Decimal Classification |
| Koha item type | Urdu Bks |
| Classification part | 899.2708 |
| Call number suffix | م ح م |
| Withdrawn status | Lost status | Damaged status | Not for loan | Home library | Current library | Date acquired | Source of acquisition | Cost, normal purchase price | Total Checkouts | Full call number | Barcode | Date last seen | Copy number | Cost, replacement price | Price effective from | Koha item type |
|---|---|---|---|---|---|---|---|---|---|---|---|---|---|---|---|---|
| Central Library | Central Library | 20/01/2016 | Cen Lib/Ret | 125.00 | 899.2708 م ح م | A-562214 | 20/01/2016 | 1 | 125.00 | 20/01/2016 | Urdu Bks |
